000 00682cam a2200253 4500
008 090401t1988 xxu||||| |||| 00| 0 eng d
020 _a0117521574
035 _a(Sirsi) u34534
041 _aeng
050 _a614.76
110 _aHer Majesty`s Inspectorate of Pollution
_9935
245 4 _aThe licensing of waste facilities
250 _a2nd ed.
260 _aLondon
_bHMSO
_c1988
300 _a47p. ; 30cm.
350 _a5.1
490 _aWaste Management Paper
_v4
520 _aMay 1994 still on loan on old system. Replaced by 3rd ed. q.v.
650 _aLANDFILL
650 _aWASTE DISPOSAL
650 _aWASTE TREATMENT
942 _n0
948 _c04/03/1997
999 _c89955
_d89955